[Event "GER-ch 75th"]
[Site "Hoeckendorf"]
[Date "2004.02.07"]
[Round "9"]
[White "Schebler, Gerhard"]
[Black "Mueller, Karsten"]
[Result "1/2-1/2"]
[WhiteElo "2480"]
[BlackElo "2517"]
[PlyCount "104"]
[EventDate "2004.01.30"]
[EventType "swiss"]
[EventRounds "9"]
[EventCountry "GER"]
[SourceTitle "CBM 100"]
[Source "ChessBase"]
[SourceDate "2004.06.01"]
[SourceVersion "1"]
[SourceVersionDate "2004.06.01"]
[SourceQuality "1"]

1. Nf3 c5 2. c4 b6 3. g3 Bb7 4. Bg2 Nf6 5. 0-0 g6 6. Nc3 Bg7 7. d4 cxd4 8. Qxd4 0-0 9. Qh4 d6 10. Bh6 Nbd7 11. b3 Rc8 12. Rfd1 a6 13. Bxg7 Kxg7 14. Qd4 Kg8 15. Rac1 Bc6 16. Ne1 Bxg2 17. Nxg2 Qc7 18. Ne3 Qb7 19. Ncd5 Rfe8 20. Rc3 Rc6 21. Rdc1 h5 22. h4 Kg7 23. R3c2 e5 24. Qd1 Ne4 25. f3 Nxg3 26. Kf2 f5 27. Kxg3 f4+ 28. Kh2 fxe3 29. Qg1 Qc8 30. Qg5 Qd8 31. Qxd8 Rxd8 32. Nxe3 Nf6 33. Kg3 Kf7 34. Nd5 Nxd5 35. cxd5 Rc5 36. Rxc5 bxc5 37. Rc4 Rb8 38. Ra4 Rb6 39. e4 Kf6 40. f4 Rb4 41. Rxa6 Rxe4 42. Rxd6+ Kf5 43. fxe5 Rg4+ 44. Kh3 Kxe5 45. Re6+ Kxd5 46. Re2 g5 47. hxg5 Rxg5 48. Kh4 Rf5 49. Rc2 Kc6 50. Kg3 Kb5 51. Kh4 Kb4 52. Rc4+ Kb5 1/2-1/2

[Event "GER-ch 75th"]
[Site "Hoeckendorf"]
[Date "2004.02.01"]
[Round "3"]
[White "Espig, Lutz"]
[Black "Mueller, Karsten"]
[Result "1/2-1/2"]
[WhiteElo "2429"]
[BlackElo "2517"]
[PlyCount "27"]
[EventDate "2004.01.30"]
[EventType "swiss"]
[EventRounds "9"]
[EventCountry "GER"]
[SourceTitle "CBM 100"]
[Source "ChessBase"]
[SourceDate "2004.06.01"]
[SourceVersion "1"]
[SourceVersionDate "2004.06.01"]
[SourceQuality "1"]

1. Nf3 c5 2. c4 g6 3. d4 cxd4 4. Nxd4 Bg7 5. e4 Nc6 6. Be3 Nf6 7. Nc3 d6 8. Be2 0-0 9. 0-0 Bd7 10. Nc2 Rc8 11. f3 Ne5 12. Na3 Qa5 13. Qd2 Rfe8 14. Rfd1 1/2-1/2

[Event "AUT-chT 0304"]
[Site "Austria"]
[Date "2004.01.25"]
[Round "7"]
[White "Pinter, Jozsef"]
[Black "Mueller, Karsten"]
[Result "1/2-1/2"]
[WhiteElo "2501"]
[BlackElo "2517"]
[PlyCount "57"]
[EventDate "2003.11.28"]
[EventType "team-tourn"]
[EventRounds "11"]
[EventCountry "AUT"]
[SourceTitle "CBM 097 Extra"]
[Source "ChessBase"]
[SourceDate "2004.01.13"]
[SourceVersion "1"]
[SourceVersionDate "2004.01.13"]
[SourceQuality "1"]
[WhiteTeam "Fuerstenfeld Admiral Sparkasse"]
[BlackTeam "Gleisdorf"]
[WhiteTeamCountry "AUT"]
[BlackTeamCountry "AUT"]

1. d4 d5 2. c4 c6 3. Nc3 Nf6 4. Nf3 e6 5. cxd5 cxd5 6. Bf4 Nc6 7. e3 Be7 8. Bd3 Bd7 9. h3 Rc8 10. 0-0 0-0 11. Rc1 Ne8 12. Qe2 Bd6 13. Bxd6 Nxd6 14. Rfd1 Qe7 15. Ne5 Rc7 16. Nb5 Nxb5 17. Bxb5 Rfc8 18. Bxc6 Bxc6 19. Qd2 Ba4 20. b3 Bb5 21. Qb2 a5 22. Nf3 h6 23. Ne1 Qd6 24. Nf3 b6 25. Ne5 g5 26. Qb1 Be8 27. Nd3 f6 28. Rxc7 Rxc7 29. Rc1 1/2-1/2

[Event "AUT-chT 0304"]
[Site "Austria"]
[Date "2003.11.30"]
[Round "3"]
[White "Mueller, Karsten"]
[Black "Kindermann, Stefan"]
[Result "1-0"]
[WhiteElo "2517"]
[BlackElo "2542"]
[PlyCount "51"]
[EventDate "2003.11.28"]
[EventType "team-tourn"]
[EventRounds "11"]
[EventCountry "AUT"]
[SourceTitle "CBM 097 Extra"]
[Source "ChessBase"]
[SourceDate "2004.01.13"]
[SourceVersion "1"]
[SourceVersionDate "2004.01.13"]
[SourceQuality "1"]
[WhiteTeam "Gleisdorf"]
[BlackTeam "Frohnleiten"]
[WhiteTeamCountry "AUT"]
[BlackTeamCountry "AUT"]

1. e4 e6 2. d4 d5 3. exd5 exd5 4. Nf3 Bg4 5. h3 Bh5 6. Qe2+ Qe7 7. Be3 Nc6 8. Nc3 0-0-0 9. 0-0-0 Qb4 10. g4 Bg6 11. a3 Qa5 12. Qb5 Qxb5 13. Bxb5 Nb8 14. Ne5 f6 15. Nxg6 hxg6 16. Bd3 Ne7 17. h4 Nd7 18. Ne2 f5 19. g5 Nb6 20. Nf4 Kb8 21. b3 Nbc8 22. Rde1 Nd6 23. f3 Kc8 24. Bf2 Kd7 25. Kb2 c6 26. Bg3 1-0